00366nam a2200145Ia 4500008004100000020001500041041001200056082001600068100001900084245004100103260003600144300000800180650001500188700001700203221030s9999 xx 000 0 und d a8178085895 aEnglish a105.23bHor aC. T. Horngren 0aIntroduction to Financial Accounting bPearson EducationaDelhic2004 a653 aManagement aG. L. Sundem